| 000 | 00550nam a2200157 a 4500 | ||
|---|---|---|---|
| 001 | 000028673 | ||
| 005 | 20200930055053.0 | ||
| 008 | 110411s1979 dr 000 0 spa d | ||
| 040 |
_aDO-SdBNP _bspa _cBNPHU |
||
| 082 |
_axxx _bC749 |
||
| 111 | 1 |
_aCongreso nacional central general de trabajadores-CGT _n(1: _d1979: 30, 31 de marzo y 1ro. de abril _cSanto Domingo ) _955649 |
|
| 245 | 1 | 0 | _aPrimer congreso nacional central general de trabajadores. |
| 260 |
_aSanto Domingo : _bEditora Alfa y Omegoa, _c1979. |
||
| 300 |
_a71 p. ; _c22 cm. |
||
| 049 | _aBNPD | ||
| 999 |
_c28165 _d28165 |
||